000 00526nab a2200145Ia 4500
003 ES-SlBCS
005 20210601124306.0
008 140529s1977 xxu||||| |||| 00| 0 eng d
041 _aeng
100 1 _aKarier, Clarence
_9139253
245 0 0 _aMaking the World Safe for Democracy: An Historical Critique of John Dewey'Pragmatic Liberal Philosophy in the Warfare State
_c Clarence Karier
600 1 _aDemocracia-Dewey, John
_9139254
773 0 _tEducational Theory
_gvol. 27, nº. 1, 1977, págs. 12-47
_wRev1399
942 _cAR
999 _c512411
_d512411